000 00630nam a22001817a 4500
005 20251108172552.0
008 250721s9999 xx 000 0 ara d
082 1 4 _a345/أحم
100 1 _aأحمد، محمود حمدي
245 1 0 _aالمستحدث في المبادىء التي قررتها الدائرة الجنائية بمحكمةالنقض /
264 1 _aالقاهرة :
_bدار الفكر والقانون،
300 _a412 ص.
650 1 7 _aالقانون الجنائي
650 1 7 _aمحاكم الإستئناف
650 1 7 _aالإجراءات المدنية
942 _2ddc
_cBK
999 _c82776
_d82776